| 000 | 01150nam a2200265 4500 | ||
|---|---|---|---|
| 001 | 0000020709 | ||
| 003 | CO-CtgCURN | ||
| 005 | 20250826223709.0 | ||
| 008 | 160627s2002 000 0 eng d | ||
| 020 | _a8476769350 | ||
| 040 |
_aCO-CtgCURN _bspa _ccoctgcurn |
||
| 082 | 0 |
_a343.946 _bM67e |
|
| 100 | 1 | _aMoreno y Bravo, Emilio. | |
| 245 | 1 | 3 |
_aEl delito de publicidad falsa : _bel articulo 282 del CP 1995, la protección penal de los consumidores frente a la actividad publicitaria falaz / _cEmilio Moreno y Bravo. |
| 260 |
_aBarcelona : _bEditorial Bosch, _c2002. |
||
| 300 | _a162 p. | ||
| 336 | _2rdacontent | ||
| 337 |
_2rdamedia _asin mediacion _bn |
||
| 338 |
_2rdacarrier _avolumen _bnc |
||
| 505 | 8 | _aEl bien juridico protegido.--Tecnicas de tipificacion delito de peligro hipotetico.--Derecho penal comparado.--El delito de lesiones.--El tipo agravado facultativo del Art.148 CP.--Los tipos agravados de resultado diferenciado de los art.149 y 150 CP | |
| 650 | 0 | _aDelitos publicitarios. | |
| 908 | _a160627 | ||
| 942 |
_cBK _h343.946 _iM67e _2ddc |
||
| 999 |
_c49679 _d49679 _x1 |
||